000 00759nam a2200253Ia 4500
003 OSt
005 20220918182207.0
006 a|||||r|||| 00| 0
007 ta
008 220917b |||||||| |||| 00| 0 eng d
024 _a31,170
037 _cTextual
040 _aARTS
_cARTS
_beng
041 _2eng
_aeng
082 _aO111,6J70x, K8
100 _aPendry E D ed
_959860
245 0 _aThomas Dekker
_b selected prose writings
260 _aCambridge
_bHarvard Univ Press
_c1968
300 _avi,374p. illus plates
_ccm.
490 _aStatford upon Avon library ed by John Russell Brown And Bernard Harris; 4
650 _aENGLISH LITERATURE
942 _hO111,6J70x, K8
_cTEXL
_2CC
999 _c168135
_d168135